| 000 | 00997nam a2200241 a 4500 | ||
|---|---|---|---|
| 003 | BD-DhJNU | ||
| 005 | 20251111042903.0 | ||
| 008 | 251108s2002 bg |||g |||| 000 1|ben|d | ||
| 020 | _a9789849717621 | ||
| 040 |
_aBD-DhJNU _bben _cBD-DhJNU _dBD-DhJNU |
||
| 041 | _aben | ||
| 082 |
_a184 BYP _223 |
||
| 100 | _aভুইয়া, আমিনুল ইসলাম | ||
| 242 | 1 | 0 |
_aPlato : _bLife and Philosophy / _cAminul islam Byuiyan |
| 245 | 1 | 0 |
_aপ্লেটো : _bজীবন ও দর্শন / _cআমিনুল ইসলাম ভুইয়া |
| 246 | _aPleto jibon o dorshon | ||
| 250 | _a1st ed. | ||
| 260 |
_aঢাকা : _bপাঠক সমাবেশ, _c2024. |
||
| 300 |
_a৬২৬ পৃ. : _bচিত্র ; _c২১ সেমি.। |
||
| 504 | _aগ্রন্থপঞ্জিগত নির্দেশিকা ও নিঘন্ট অন্তভূক্ত | ||
| 650 | _aGreek philosophy-গ্রিক দর্শন | ||
| 942 | _cBK | ||
| 999 |
_c2352 _d2352 |
||